Lógica, argumentación y retórica. Una introducción.
Збережено в:
| Автор: | |
|---|---|
| Інші автори: | |
| Формат: | Книга |
| Опубліковано: |
Buenos Aires, Argentina:
Biblos,
1998.
|
| Редагування: | Segunda edición. |
| Предмети: | |
| Теги: |
Додати тег
Немає тегів, Будьте першим, хто поставить тег для цього запису!
|
MARC
| LEADER | 00000nam a22000007a 4500 | ||
|---|---|---|---|
| 003 | CL-VaPUC | ||
| 005 | 20220822114555.0 | ||
| 008 | 220708t1998 ||||| |||| 00| 0 eng d | ||
| 999 | |c 436835 |d 436833 | ||
| 020 | |a 950-786-181-5 | ||
| 040 | |c Pontificia Universidad Católica de Valparaíso | ||
| 082 | 7 | |a 160 CAM 1998 |2 22 | |
| 100 | 1 | |a Campagna, María Cristina |e autora |9 872480 | |
| 245 | |a Lógica, argumentación y retórica. |b Una introducción. | ||
| 250 | |a Segunda edición. | ||
| 260 | |a Buenos Aires, Argentina: |b Biblos, |c 1998. | ||
| 300 | |a 166 páginas. | ||
| 500 | |a c.1 Donación Familia Prof. Alejandro Guzmán Brito. | ||
| 583 | |c 20220708 |k Cristina María Rojas Aguilar | ||
| 650 | |a Lógica |9 256849 | ||
| 650 | |a Argumentación |9 257103 | ||
| 650 | |a Retórica |9 266620 | ||
| 700 | |a Lazzaretti, Adriana |e autora |9 872481 | ||
| 942 | |2 ddc |c BK |n 0 | ||
| 952 | |0 0 |1 0 |2 ddc |4 0 |6 160_000000000000000_CAM_1998 |7 0 |8 C_AGB |9 584565 |a BIBDER |b BIBDER |d 2022-07-08 |e Donación |i 5652611 |o 160 CAM 1998 |p 5652611 |r 2023-01-25 |t 1 |w 2022-07-08 |y BK_US |k AGB | ||